000 00654nam a2200241Ia 4500
003 OSt
005 20221007081655.0
006 a|||||r|||| 00| 0
007 ta
008 221006b |||||||| |||| 00| 0 eng d
024 _a25,174
037 _cTextual
040 _aFLL
_cFLL
_beng
041 _2eng
_aeng
082 _aZ3:9298, L2;1
100 _aSchwartz Bernard
245 0 _aLegal control of government
260 _aOxford
_bClarendon Press London
_c1972
300 _axxxii,349p
_ccm.
700 _a Wade H. W. R.
942 _hZ3:9298, L2;1
_cTEXL
_2CC
999 _c1163911
_d1163911